00953nam a2200265Ia 4500003000400000005001700004008004100021020001500062040001800077041000800095082002000103100002700123245009400150250000600244260003800250300002800288650004500316650004200361650004600403650002900449650003100478942003200509999001900541952012700560OSt20250109095832.0210716s2004 xx 000 0 und d a8176568708 cAIMIT LIBRARY aeng a005.7401 bBAYI aBayross, Ivan.9192745 aCommercial applications development using oracle developer 9ids and oracle 9ias on linux. a1 aNew DelhibBPB Publicationsc2004 aviii,672p.;bPBc25 cm. aInstalling oracle 9i as on linux9192746 aStarting with oracle forms 9i9192747 aWorking with a master detail form9192748 apl/sql libraries9192749 aWorking with menus9192750 2ddccBKe1stk005.7401 BAYI c186044d186044 001040708MCAaAIMITbAIMITeBook Worldg297.00l0o005.7401 BAYIpMCA05552r2026-05-23 00:00:00v252.45w2021-07-16yBK